Sakamoto Days Characters - Statistics

General Stats
  • This quiz has been taken 126 times
  • The average score is 19 of 42
Answer Stats
Hint Answer % Correct
Employee at Sakamoto's StoreFormer assassin Former apprentice of the main character Clairvoyant Asakura Shin
94%
Main CharacterOwner of Sakamoto's Store Former member of the Order Legendary Assassin Spouse of the latter Sakamoto Taro
93%
Spouse of the formerOwner of Sakamoto's Store Mother of the latter Sakamoto Aoi
78%
Main character's friendFormer Order member Affiliated with Sakamoto's Store Former spy Nagumo Yoichi
74%
Affiliated with Sakamoto's StoreAssassin Sniper Mashimo Heisuke
72%
Member of the JAAMember of the Order Apprentice of the former Osaragi
66%
Daughter of the two former Sakamoto Hana
64%
Member of the JAAMember of the Order Mentor of the latter Shishiba
60%
Former member of the JAA Former Order member Takamura
60%
Affiliated with Sakamoto's StoreNiece of the main character's friend Student at the JCC Akao Akira
59%
Member of X's OrganizationFormer member of Al-Kamar Orphanage Gaku
59%
Main AntagonistFounder of X's Organization Former student at the JCC Younger brother of the Head of the JAA Uzuki Kei
57%
Former friend of the main character and the formerFormer studnent at the JCC Akao Rion
56%
Affiliated with Sakamoto's StoreStudent at the JCC Younger brother of the former Seba Mafuyu
51%
Former employee at the Okutabi LabStudent at the JCC Older brother of the latter Seba Natsuki
51%
Employee at Sakamoto's StoreDaughter of the Chinese Triad Lu Shaotang
49%
Former member of the JAAFormer Order member Hyo
48%
Member of X's OrganizationFormer Order member Movie DIrector Kanaguri
45%
Affiliated with Sakamoto's StoreSon of an ex Order member Grandson of "The Database" Yotsumura Amane
45%
Member of X's Organization Antagonist of the Okutabi Lab Arc Kashima
42%
Member of the JAA Member of the Order Sniper Kamihate
41%
Main character's superfanMember of the JCC Special Recommendation Group Toramaru Nao
40%
Former founding member of the Order Kindaka
38%
Member of X's Organization Former member of Al-Kamar Orphanage Kumanomi
37%
Member of the JAALeader of the Order Oki
36%
Former number 2 of the JAAFormer founding member of the Order Son-in-law of "The Database" Yotsumura Satoru
35%
Member of X's Organization Older brother of the latter Carolina Reaper
34%
Serial killerAffiliated with X's Organization Apart
33%
Member of X's Organization Younger brother of the former Club Jam
33%
Member of X's Organization Former member of Al-Kamar Orphanage Haruma
31%
Student at the JCCMember of the JCC Special Recommendation Group Kaji Joichiro
30%
Member of the JAAMember of the Order Torres
29%
Serial killer Affiliated with X's Organization Minimalist
28%
Former assassinFormer teacher at the JCC Satoda Etsuko
28%
Head of the JAAHead of Al-Kamar Oprhanage X's Older brother Asaki Sei
27%
Serial killer Affiliated with X's Organization Saw
27%
Serial killer Affiliated with X's Organization Dump
26%
Member of X's Organization Double Agent Uda
26%
"The Database"Janitor at the JCC Byodo
24%
Member of the JAAMember of the Order Tanabata
23%
AssassinHead examiner at the JCC Usami
9%
AssassinExaminer at the JCC Mizuno
8%
No matching quizzes found
Score Distribution
Percent of People with Each Score
Percentile by Number Answered
Your Score History
You have not taken this quiz